000 00435nam a2200181Ia 4500
001 2551
005 20260306144815.0
008 260306t2015||||xx |||||||||||||| ||spa||
041 _aESP
082 _a616.89142
_bB34
100 _aBeck, Aaron T.
_eAUT
245 0 _aTerapia cognitiva de las drogodependencias
260 _c2015
300 _a462 páginas :
_c22 cm.
650 _aGEN
654 _aCPS
942 _cLIB
_dJUS
_fJUS
_2ddc
_n
999 _c2551
_d2551